000 00288nam a2200121Ia 4500
008 220204s9999 xx 000 0 und d
082 _a576.8
_bCAM
100 _aVameron, T W N
245 0 _aParasites and parasitism
260 _aLondon
_bELBS
_c1956
650 _aParasitism
942 _cBK
999 _c23022
_d23022